000 00561nam a2200193Ia 4500
008 151121s9999||||xx |||||||||||||| ||und||
082 _a813-/ जोशी
082 _bHNW-69147
100 _aजोशी शशिकांत
245 _aसंकेत
260 _b"वंदन प्रकाशन, अमरावती।"
260 _c--
300 _a111
600 _aजोशी शशिकांत
630 _aसंकेत
700 _aजोशी शशिकांत
730 _aसंकेत
942 _cBOOK
999 _c1250635
_d1250632